00306nam a2200133Ia 4500003000400000005001700004008004100021020001600062040000900078100001700087245004400104260001500148260000900163OSt20240222164914.0170524s9999 xx 000 0 und d a 8174886354 cIIMT aSinha - P.C. 0aTourism Transport and Traval Management bAnmol Pub. c2002